000
00273nam a2200133Ia 4500
100
_a
Shukla M.C & Grewal
650
_a
General
942
_c
BK
654
_a
accounts
245
_a
Advanced Accounts
260
_b
S.Chand & co
_c
2001
082
_a
657
546
_a
ENGLISH
999
_c
28560
_d
28560